| 000 | 00618nam a22002057a 4500 | ||
|---|---|---|---|
| 005 | 20251108164017.0 | ||
| 008 | 250721s1992 xx 000 0 ara d | ||
| 082 | 1 | 4 | _a001.6424/عوض |
| 100 | 1 | _aمنصور، عوض | |
| 245 | 1 | 0 | _aبرمجة باسكال و تيربوباسكال لطلبة الهندسه و العلوم / |
| 246 | 1 | 1 | _apascal and turbo - pascal for... |
| 250 | _aط2. | ||
| 264 | 1 |
_aاربد : _bدار الأمل، _c1992. |
|
| 300 | _a492ص. | ||
| 650 | 1 | 7 | _aالحواسيب |
| 650 | 1 | 7 | _aلغات البرمجة |
| 700 | 1 | _aنحاس، محمود | |
| 942 |
_2ddc _cBK |
||
| 999 |
_c1339 _d1339 |
||